00638nam a2200229Ia 4500008004100000041001200041082000800053082001100061100001800072100001600090100001100106245002000117260001000137260003700147260000900184300001500193365002500208650001600233942000700249999001900256952013300275150901s9999 xx 000 0 und d aEnglish a366 bTSU/BI aTakahashi N  aTsunoda S  eEditor aBiology of rice aTokyo bJapan Scientific Societies Press c1984 a380 Pages aFL.165  aFeild crops cBK c237103d237103 00102ddc4070aKAUCOAbKAUCOAd2022-03-03l1o633 TSU/BIpKAU-COA-21107 r2018-02-21 00:00:00s2018-02-14w2015-09-16yBK